[Event "GRE-ch Online Blitz op 1st"]
[Site "Tornelo INT"]
[Date "2021.02.07"]
[Round "14"]
[White "Agrafiotis, Marios Efraim"]
[Black "Diamantis, Angelos"]
[Result "1-0"]
[WhiteElo "1390"]
[BlackElo "1128"]
[PlyCount "41"]
[EventDate "2021.02.07"]
[EventType "swiss (blitz)"]
[EventRounds "16"]
[EventCountry "GRE"]
[SourceTitle "EXT 2023"]
[Source "ChessBase"]
[SourceDate "2022.10.05"]
[SourceVersion "1"]
[SourceVersionDate "2022.10.05"]
[SourceQuality "1"]

1. e4 e5 2. Nf3 Nc6 3. d4 exd4 4. Nxd4 Qf6 5. Nxc6 Qxc6 6. Nc3 Bb4 7. Qf3 Bxc3+ 8. bxc3 Ne7 9. Ba3 d6 10. Bb2 Be6 11. Bd3 Ng6 12. 0-0 0-0 13. Qe2 f5 14. exf5 Bxf5 15. Bb5 Qc5 16. c4 c6 17. Ba4 a5 18. Rad1 Qb4 19. Bb3 a4 20. a3 Qb6 21. c5+ 1-0

[Event "GRE-ch Online Blitz op 1st"]
[Site "Tornelo INT"]
[Date "2021.02.07"]
[Round "7"]
[White "Agrafiotis, Marios Efraim"]
[Black "Moschat, Iosif Theodoros"]
[Result "1-0"]
[WhiteElo "1390"]
[BlackElo "1136"]
[PlyCount "89"]
[EventDate "2021.02.07"]
[EventType "swiss (blitz)"]
[EventRounds "16"]
[EventCountry "GRE"]
[SourceTitle "EXT 2023"]
[Source "ChessBase"]
[SourceDate "2022.10.05"]
[SourceVersion "1"]
[SourceVersionDate "2022.10.05"]
[SourceQuality "1"]

1. e4 e5 2. Nf3 Nc6 3. d4 exd4 4. Nxd4 Bc5 5. Nb3 Bb6 6. Nc3 d6 7. Qf3 Nf6 8. Bg5 Nd4 9. Nxd4 Bxd4 10. 0-0-0 Be5 11. Nd5 Be6 12. Nxf6+ gxf6 13. Be3 Bxa2 14. Bd4 Be6 15. Qe3 c5 16. Bc3 Bxc3 17. Qxc3 Ke7 18. f4 Bg4 19. Rd2 Qb6 20. h3 Bd7 21. Bc4 Be6 22. Rhd1 Rhd8 23. g4 Qb4 24. Bxe6 Qxc3 25. bxc3 fxe6 26. h4 a5 27. g5 fxg5 28. hxg5 a4 29. Rh2 Rh8 30. Kb1 a3 31. Ka2 b5 32. Rb1 Kd7 33. Rxb5 Kc6 34. Rb3 c4 35. Rb4 d5 36. exd5+ exd5 37. Rh6+ Kc5 38. Rhb6 Ra5 39. Rb7 h6 40. g6 Rg8 41. f5 h5 42. f6 h4 43. f7 Rxg6 44. f8Q+ Kc6 45. Qe8+ 1-0

[Event "GRE-ch Online Blitz op 1st"]
[Site "Tornelo INT"]
[Date "2021.02.07"]
[Round "10"]
[White "Agrafiotis, Marios Efraim"]
[Black "Vaidanis, Ektor"]
[Result "0-1"]
[WhiteElo "1390"]
[BlackElo "1176"]
[PlyCount "62"]
[EventDate "2021.02.07"]
[EventType "swiss (blitz)"]
[EventRounds "16"]
[EventCountry "GRE"]
[SourceTitle "EXT 2023"]
[Source "ChessBase"]
[SourceDate "2022.10.05"]
[SourceVersion "1"]
[SourceVersionDate "2022.10.05"]
[SourceQuality "1"]

1. e4 c5 2. Nf3 d6 3. d4 cxd4 4. Nxd4 Nf6 5. Nc3 a6 6. f4 Nc6 7. Be3 e5 8. Nb3 Be7 9. Be2 Be6 10. f5 Bxb3 11. axb3 b5 12. Bf3 Qc7 13. 0-0 0-0 14. g4 h6 15. h4 Nb4 16. g5 hxg5 17. hxg5 Nd7 18. Rf2 Qd8 19. Rh2 Bxg5 20. Bxg5 Qxg5+ 21. Rg2 Qe3+ 22. Kh1 Nf6 23. Rg3 Rfd8 24. Qg1 Qh6+ 25. Kg2 Kf8 26. Kf1 Nxc2 27. Rc1 Ne3+ 28. Kf2 Rac8 29. Rc2 Nxc2 30. Qd1 Qe3+ 31. Kg2 Ne1+ 0-1

[Event "GRE-ch Online Blitz op 1st"]
[Site "Tornelo INT"]
[Date "2021.02.07"]
[Round "11"]
[White "Chorafas, Emmanouil"]
[Black "Agrafiotis, Marios Efraim"]
[Result "0-1"]
[WhiteElo "1163"]
[BlackElo "1390"]
[PlyCount "78"]
[EventDate "2021.02.07"]
[EventType "swiss (blitz)"]
[EventRounds "16"]
[EventCountry "GRE"]
[SourceTitle "EXT 2023"]
[Source "ChessBase"]
[SourceDate "2022.10.05"]
[SourceVersion "1"]
[SourceVersionDate "2022.10.05"]
[SourceQuality "1"]

1. e4 c5 2. Nf3 d6 3. d4 cxd4 4. Nxd4 Nf6 5. Bd3 a6 6. Be3 g6 7. Nc3 Bg7 8. 0-0 0-0 9. h3 Nc6 10. Re1 Ne5 11. a3 Nfd7 12. f4 Nxd3 13. cxd3 Nc5 14. Nf3 b6 15. b4 Nd7 16. d4 Qc7 17. Qd2 Bb7 18. Rac1 Qb8 19. Qd3 e5 20. fxe5 dxe5 21. dxe5 Nxe5 22. Bxb6 Nxd3 23. Red1 Nxc1 24. Rxc1 Bxc3 25. Rxc3 Bxe4 26. Bf2 Bxf3 27. gxf3 Qe5 28. Re3 Qa1+ 29. Kg2 Rad8 30. Kg3 Rfe8 31. Rb3 Rd2 32. Be3 Re2 33. Bh6 Qe5+ 34. f4 Qh5 35. Bg5 R8e3+ 36. Rxe3 Rxe3+ 37. Kf2 Qf3+ 38. Kg1 Re1+ 39. Kh2 Qf2# 0-1

[Event "GRE-ch Online Blitz op 1st"]
[Site "Tornelo INT"]
[Date "2021.02.07"]
[Round "6"]
[White "Margaritis, Ioannis M"]
[Black "Agrafiotis, Marios Efraim"]
[Result "1-0"]
[WhiteElo "1097"]
[BlackElo "1390"]
[PlyCount "89"]
[EventDate "2021.02.07"]
[EventType "swiss (blitz)"]
[EventRounds "16"]
[EventCountry "GRE"]
[SourceTitle "EXT 2023"]
[Source "ChessBase"]
[SourceDate "2022.10.05"]
[SourceVersion "1"]
[SourceVersionDate "2022.10.05"]
[SourceQuality "1"]

1. d4 Nf6 2. c4 c5 3. d5 g6 4. Nc3 Bg7 5. e4 d6 6. Nf3 0-0 7. Bf4 Nbd7 8. Bd3 a5 9. a4 Nb8 10. h3 Na6 11. Rc1 Nb4 12. Bb1 b6 13. b3 Nh5 14. Bh2 f5 15. exf5 Bxf5 16. Bxf5 Rxf5 17. 0-0 Qf8 18. Re1 Nf4 19. Bxf4 Rxf4 20. Ne4 Qf5 21. Neg5 Rxf3 22. Nxf3 Nd3 23. Rxe7 Nxc1 24. Qxc1 Rf8 25. Qe3 Bd4 26. Nxd4 cxd4 27. Qe6+ Qxe6 28. Rxe6 Rd8 29. Kf1 Kf7 30. Ke2 Re8 31. Rxe8 Kxe8 32. Kd3 Ke7 33. Kxd4 Kf6 34. Ke4 g5 35. f4 gxf4 36. Kxf4 h6 37. g4 Kg6 38. h4 Kf6 39. g5+ hxg5+ 40. hxg5+ Kg6 41. Kg4 Kh7 42. Kf5 Kg7 43. g6 Kf8 44. Ke6 Kg7 45. Kxd6 1-0

[Event "GRE-ch Online Blitz op 1st"]
[Site "Tornelo INT"]
[Date "2021.02.07"]
[Round "15"]
[White "Tsakonas, Konstantinos"]
[Black "Agrafiotis, Marios Efraim"]
[Result "1-0"]
[WhiteElo "1164"]
[BlackElo "1390"]
[PlyCount "65"]
[EventDate "2021.02.07"]
[EventType "swiss (blitz)"]
[EventRounds "16"]
[EventCountry "GRE"]
[SourceTitle "EXT 2023"]
[Source "ChessBase"]
[SourceDate "2022.10.05"]
[SourceVersion "1"]
[SourceVersionDate "2022.10.05"]
[SourceQuality "1"]

1. b4 b5 2. Bb2 Bb7 3. e3 Nf6 4. Nf3 g6 5. Bxb5 Bg7 6. 0-0 0-0 7. Be2 d6 8. a4 Nbd7 9. b5 e5 10. c4 Ne8 11. d4 f5 12. dxe5 dxe5 13. Ba3 Rf7 14. c5 c6 15. Bc4 e4 16. Nd4 Ne5 17. Bxf7+ Kxf7 18. Qb3+ Kf8 19. Ne6+ Ke7 20. Nxd8 Rxd8 21. Nc3 Nd3 22. Rad1 Nc7 23. b6 axb6 24. Qxb6 Bxc3 25. Qxb7 Rd7 26. Qxc6 Nd5 27. Qb5 Rc7 28. c6+ Ke6 29. Qc4 Ke5 30. f4+ exf3 31. Rxd3 fxg2 32. Kxg2 Nb6 33. Qxc3+ 1-0

[Event "GRE-ch Online Blitz op 1st"]
[Site "Tornelo INT"]
[Date "2021.02.07"]
[Round "3"]
[White "Vasilakis, Charalampos"]
[Black "Agrafiotis, Marios Efraim"]
[Result "0-1"]
[WhiteElo "1084"]
[BlackElo "1390"]
[PlyCount "94"]
[EventDate "2021.02.07"]
[EventType "swiss (blitz)"]
[EventRounds "16"]
[EventCountry "GRE"]
[SourceTitle "EXT 2023"]
[Source "ChessBase"]
[SourceDate "2022.10.05"]
[SourceVersion "1"]
[SourceVersionDate "2022.10.05"]
[SourceQuality "1"]

1. e4 c5 2. Nc3 Nc6 3. f3 g6 4. d3 Bg7 5. Be3 Nf6 6. Be2 d6 7. Qd2 0-0 8. Bh6 a6 9. Bxg7 Kxg7 10. h4 b5 11. g4 b4 12. Nd1 Nd4 13. h5 Rh8 14. hxg6 hxg6 15. Rxh8 Qxh8 16. Qe3 Nxc2+ 17. Kd2 Nxe3 18. Kxe3 Qh2 19. Nf2 Qe5 20. f4 Qxb2 21. Rd1 Qxa2 22. Rd2 Qxd2+ 23. Kxd2 a5 24. Bf3 a4 25. Kc2 Rb8 26. e5 dxe5 27. fxe5 Nd7 28. Ngh3 b3+ 29. Kb2 Nxe5 30. Bd5 a3+ 31. Ka1 b2+ 32. Kb1 e6 33. Ba2 Bb7 34. Ne4 Nxd3 35. Nd6 Bd5 36. Bxd5 exd5 37. Ne8+ Kg8 38. Kc2 b1Q+ 39. Kd2 Rb2+ 40. Ke3 Qe1+ 41. Kf3 Qe4+ 42. Kg3 Rg2+ 43. Kh4 Qe7+ 44. Ng5 Rh2+ 45. Kg3 Qe2 46. Nf6+ Kg7 47. Nxd5 Qg2# 0-1